000 02102nam a2200277 a 4500
008 120416s1980 ||||||||||||||||| || u
020 _a019851946X
050 _aQB 281 Bom
100 _aBomford, G
245 1 0 _aGeodesy; (4th ed.)
250 _a4th ed.
260 _aOxford
_bClarendon
_c1980
300 _axii, 855p. : ill
350 _a0.00
995 _aTEXTBOOKS (SBE)
_D0.00
_e20206
_FCBU-SCHOOL TEXTBOOK COLLECTIONS
_H1
_I0.00
_jSCHOOL TEXTBOOK
_M11
_UAVAILABLE
_WOct 27, 2008
_y20206
_ZSchool Collections
995 _aTEXTBOOKS (SBE)
_D0.00
_e20213
_FCBU-SCHOOL TEXTBOOK COLLECTIONS
_H1
_I0.00
_jSCHOOL TEXTBOOK
_M3
_UAVAILABLE
_WOct 27, 2008
_y20213
_ZSchool Collections
995 _aANNEX COLLECTION (Main Library)
_D0.00
_e012736
_FCBU-MAIN LIBRARY (Kitwe)
_H1
_I25.00
_jQB 281 Bom
_UAVAILABLE
_y012736
_ZAnnex Low-Usage Collection
995 _aTEXTBOOKS (SBE)
_D0.00
_e20201
_FCBU-SCHOOL TEXTBOOK COLLECTIONS
_H1
_I0.00
_jSCHOOL TEXTBOOK
_M6
_UAVAILABLE
_WOct 27, 2008
_y20201
_ZSchool Collections
995 _aTEXTBOOKS (SBE)
_D0.00
_e20208
_FCBU-SCHOOL TEXTBOOK COLLECTIONS
_H1
_I0.00
_jSCHOOL TEXTBOOK
_M7
_UAVAILABLE
_WOct 27, 2008
_y20208
_ZSchool Collections
995 _aTEXTBOOKS (SBE)
_D0.00
_e20209
_FCBU-SCHOOL TEXTBOOK COLLECTIONS
_H1
_I0.00
_jSCHOOL TEXTBOOK
_M8
_UAVAILABLE
_WOct 27, 2008
_y20209
_ZSchool Collections
995 _aTEXTBOOKS (SBE)
_D0.00
_e20214
_FCBU-SCHOOL TEXTBOOK COLLECTIONS
_H1
_I0.00
_jSCHOOL TEXTBOOK
_M5
_UAVAILABLE
_WOct 27, 2008
_y20214
_ZSchool Collections
995 _aTEXTBOOKS (SBE)
_D0.00
_e20205
_FCBU-SCHOOL TEXTBOOK COLLECTIONS
_H1
_I0.00
_jSCHOOL TEXTBOOK
_M9
_UAVAILABLE
_WOct 27, 2008
_y20205
_ZSchool Collections
995 _aTEXTBOOKS (SBE)
_D0.00
_e20200
_FCBU-SCHOOL TEXTBOOK COLLECTIONS
_H1
_I0.00
_jSCHOOL TEXTBOOK
_M2
_UAVAILABLE
_WOct 27, 2008
_y20200
_ZSchool Collections
995 _aTEXTBOOKS (SBE)
_D0.00
_e20212
_FCBU-SCHOOL TEXTBOOK COLLECTIONS
_H1
_I0.00
_jSCHOOL TEXTBOOK
_M4
_UAVAILABLE
_WOct 27, 2008
_y20212
_ZSchool Collections
995 _aTEXTBOOKS (SBE)
_D0.00
_e20207
_FCBU-SCHOOL TEXTBOOK COLLECTIONS
_H1
_I0.00
_jSCHOOL TEXTBOOK
_M10
_UAVAILABLE
_WOct 27, 2008
_y20207
_ZSchool Collections
999 _c75850
_d75850